Statistics for Alphabets on the Wikipedia Logo Picture Quiz

Click here to take the quiz!

General Stats

  • This quiz has been taken 77 times
  • The average score is 9 of 18

Answer Stats

Answer% Correct
Chinese
92%
Greek
89%
Latin
84%
Japanese
74%
Korean
74%
Cyrillic
68%
Hebrew
61%
Arabic
60%
Thai
39%
Bengali
35%
Devanagari
31%
Georgian
29%
Ethiopic
27%
Tamil
26%
Armenian
21%
Kannada
16%
Cambodian
13%
Tibetan
13%

Score Distribution

Percentile by Number Answered

Percent of People with Each Score

Your Score History

You have not taken this quiz